|
|
|
|
| LEADER |
00000nam0a2200000 4500 |
| 001 |
260481 |
| 005 |
20231101233500.0 |
| 010 |
|
|
|a 5308000085
|
| 020 |
|
|
|a RU
|b 88-16236
|
| 035 |
|
|
|a (RuTPU)RU\TPU\book\283430
|
| 090 |
|
|
|a 260481
|
| 100 |
|
|
|a 20140515d1988 m y0rusy5003 ca
|
| 101 |
0 |
|
|a rus
|
| 102 |
|
|
|a UA
|
| 105 |
|
|
|a ac z 000zc
|
| 200 |
1 |
|
|a Семья Ульяновых
|e тетралогия
|f М. С. Шагинян
|
| 210 |
|
|
|a Киев
|c Днипро
|d 1988
|
| 215 |
|
|
|a 636 с.
|c портр.
|
| 327 |
1 |
|
|a Содерж.: Рождение сына: Роман-хроника; Первая Всероссийская: Роман-хроника; Билет по истории: Эскиз романа; Четыре урока у Ленина
|
| 600 |
|
1 |
|a Ленин
|b В. И.
|c настоящая фамилия Ульянов
|c российский политический деятель
|f 1870-1924
|g Владимир Ильич
|2 stltpush
|3 (RuTPU)RU\TPU\pers\1074
|9 486
|
| 600 |
|
1 |
|a Ульянов
|b И. Н.
|c педагог-демократ
|f 1831-1886 г. г.
|g Илья Николаевич
|2 stltpush
|3 (RuTPU)RU\TPU\pers\30073
|
| 606 |
1 |
|
|a Ленин В. И.
|x Произведения
|x Библиография
|2 stltpush
|3 (RuTPU)RU\TPU\subj\73132
|9 86324
|
| 610 |
1 |
|
|a биографии
|
| 610 |
1 |
|
|a персоналии
|
| 610 |
1 |
|
|a жизнь
|
| 610 |
1 |
|
|a документальные материалы
|
| 610 |
1 |
|
|a история
|
| 610 |
1 |
|
|a Россия
|
| 610 |
1 |
|
|a 19 век
|
| 610 |
1 |
|
|a воспоминания
|
| 686 |
|
|
|a Т3(2)6-8Ленин195
|2 rubbk
|
| 700 |
|
1 |
|a Шагинян
|b М. С.
|c российская писательница
|f 1888-1982
|g Мариэтта Сергеевна
|2 stltpush
|3 (RuTPU)RU\TPU\pers\3642
|9 794
|
| 801 |
|
0 |
|a RU
|b RuMRKP
|c 19950417
|g psbo
|
| 801 |
|
1 |
|a RU
|b 63413507
|c 20140515
|
| 801 |
|
2 |
|a RU
|b 63413507
|c 20160429
|g RCR
|
| 942 |
|
|
|c BK
|